00500nam a22001572 4500001001100000005001700011008004100028020002700069040001500096245009100111250001300202260003700215300001500252650004500267700003000312000000855620151217155215.0080423s xx 000 0 eng d a8176294896 :cKES 4355 aKABUcKABU10aEducational planning and administration /cedited by Devendra Thakur and D. N. Thakur. a2nd ed. aNew Delhi :bDeep & Deep,c2004. ax, 483 p. 0aEducational planningzIndia.@00001591951 aThakur, D. N.@0000159196